000 00563nam a2200217 a 4500
999 _c6039
_d6039
001 6039
003 BD-JhCC
005 20180101123401.0
008 180101s1965 enka|||| ||a| 000 0 eng d
035 _a(BD-JhCC)6039
040 _aBD-JhCC
_dBD-JhCC
041 _aeng
082 _a643.7
_bTAN 1965
100 _aTanner, G. C. A
245 _aHouse Maintenance and Repairs /
_cG. C. A Tanner
260 _aEngland :
_bPenguin Books,
_c1965.
300 _a223 p. :
_c18 cm.
650 _aDwellings
_xMaintenance and repair
942 _2ddc
_cBK